| 000 | 01657nam a2200385 a 4500 | ||
|---|---|---|---|
| 001 | 000021815 | ||
| 003 | DO-SdBNP | ||
| 005 | 20180322144909.0 | ||
| 007 | 000021815 | ||
| 008 | 100913s1981 dr 001 0 spa d | ||
| 040 |
_aBPMSU _bspa _cBPMSU |
||
| 082 | 4 |
_2350.6 _aC760r |
|
| 111 |
_9 _aCongreso Nacional del Derecho del Trabajo y Seguridad Social _cSanto Domingo ) _d9-18 de septiembre de 1981 _n(1: |
||
| 245 | 0 | 0 |
_aRelaciones de trabajo en el servicio público / _cprólogo César Estrella Sadhala. |
| 260 |
_aSanto Domingo : _bONAP, _c1981. |
||
| 300 |
_a126 p. ; _c23 cm. |
||
| 490 | 1 |
_aSeminarios _v4 |
|
| 500 | _aIncluye las ponencias presentadas en el I Congreso Nacional del Derecho del Trabajo y Seguridad Social celebrado del 9 al 18 de septiembre de 1981, en Santo Domingo, RD. | ||
| 504 | _aIncluye bibliografía y notas al pie de páginas. | ||
| 650 | 4 |
_aADMINISTRACIÓN DE PERSONAL _zREPÚBLICA DOMINICANA _vENSAYOS, CONFERENCIAS, ETC. |
|
| 650 | 4 |
_aFUNCIÓN PÚBLICA _zREPÚBLICA DOMINICANA _vENSAYOS, CONFERENCIAS, ETC. |
|
| 650 | 4 |
_aECONOMÍA DEL TRABAJO _zREPÚBLICA DOMINICANA _vENSAYOS, CONFERENCIAS, ETC. |
|
| 650 | 4 |
_aRELACIONES INDUSTRIALES _zREPÚBLICA DOMINICANA _vENSAYOS, CONFERENCIAS, ETC. |
|
| 651 | 4 |
_aREPÚBLICA DOMINICANA _xADMINISTRACIÓN PÚBLICA |
|
| 700 |
_aSadhala, César Estrella _epról. |
||
| 830 | 0 |
_aSeminarios _v4 |
|
| 910 | _aValidado. Control de calidad EMS. | ||
| 930 | 1 |
_l _m _h _8 _f _p _g |
|
| 930 | 1 |
_l _m _h _8 _f _p _g |
|
| 942 |
_2ddc _cBK |
||
| 945 | _aInventariado / 2017 VM | ||
| 956 |
_a _b _c _l _h |
||
| 956 |
_a _b _c _l _h |
||
| 956 |
_aVMATEO _b10 _c20150424 _lBPMUS _h00151 |
||
| 999 |
_c7699 _d7699 |
||